Statistics for Temuera Morrison Filmography

Click here to take the quiz!

General Stats

  • This quiz has been taken 4 times
    (2 since last reset)
  • The average score is 7 of 90

Answer Stats

TypeYearName% Correct
Web Mini-Series2022Obi-Wan Kenobi
100%
Film2002Star Wars: Episode II - Attack of the Clones
100%
Film2005Star Wars: Episode III - Revenge of the Sith
100%
Web Mini-SeriesTBAChief of War
50%
TV Show2023Far North
50%
FilmTBAKa Whawhai Tonu
50%
Film1994Once Were Warriors
50%
Web Mini-Series2021-2022The Book of Boba Fett
50%
Film2023The Flash
50%
Web Series2020-2023The Mandalorian
50%
TV Show1986Adventurers
0%
Web Series2023Ahsoka
0%
Film2018Aquaman
0%
Film2023Aquaman and the Lost Kingdom
0%
Film1996Barb Wire
0%
Film1996Broken English
0%
TV Show2006Bro'Town
0%
TV Show2019Class Act
0%
Film2009Couples Retreat
0%
Film2001Crooked Earth
0%
Film2016Dawn
0%
Film2019Dora and the Lost City of Gold
0%
Web Series2022Echo 3
0%
Film2012Fresh Meat
0%
Film1999From Dusk Till Dawn 3: The Hangman's Daughter
0%
Web Series2018Frontier
0%
TV Show1987Gloss
0%
TV Film1991Gold: The Dynamiters
0%
Film2011Green Lantern
0%
Web Series2014Happy Hour
0%
Film2016Hard Target 2
0%
TV Film2000Ihaka: Blunt Instrument
0%
Film1996Little White Lies
0%
TV Show2002Mataku
0%
Film1988Mauri
0%
Short Film2017Meke
0%
TV Short2012Missing Christmas
0%
Film2016Moana
0%
TV Show1984Mortimer's Patch
0%
Film2019Mosley
0%
Film2013Mt. Zion
0%
TV Show2022My Life Is Murder
0%
Film1988Never Say Die
0%
Documentary Series1995New Zealand at War
0%
Film2018Occupation
0%
Film2020Occupation: Rainfall
0%
Film1984Other Halves
0%
Documentary2008Rain of the Children
0%
Film1973Rangi's Catch
0%
Film2004Renegade
0%
Film2005River Queen
0%
TV Show1986Seekers
0%
TV Show1990Shark in the Park
0%
TV Show1992, 2008Shortland Street
0%
Film1998Six Days Seven Nights
0%
Film2023Sons of Summer
0%
TV Mini-Series2011Spartacus: Gods of the Arena
0%
Film1997Speed 2: Cruise Control
0%
Video Game2004Star Wars: Battlefront
0%
Video Game2015Star Wars: Battlefront
0%
Video Game2005Star Wars: Battlefront II
0%
Video Game2017Star Wars: Battlefront II
0%
Video Game2002Star Wars: Bounty Hunter
0%
Video Game2006Star Wars: Empire at War
0%
Film1980Star Wars: Episode V - The Empire Strikes Back
0%
Video Game2023Star Wars Jedi: Survivor
0%
Video Game2005Star Wars: Republic Commando
0%
Web Series2021Star Wars: Visions
0%
TV Mini-Series2015Tatau
0%
TV Mini-Series2001Te Ao Mahana
0%
TV Show2016-2017The Barefoot Bandits
0%
Film2004The Beautiful Country
0%
Film2019The Brighton Miracle
0%
TV Film1988The Grasscutter
0%
TV Film2009The Immortal Voyage of Captain Drake
0%
Film1996The Island of Dr. Moreau
0%
Documentary Mini-Series2013The Life and Times of Temuera Morrison
0%
Director2016The Lost Pearl
0%
Film2009The Marine 2
0%
Film2016The Osiris Child
0%
Film2016The Patriarch
0%
TV Documentary2008The Reluctant Hero
0%
Film2012The Scorpion King 3: Battle for Redemption
0%
TV Show2005The Tem Show
0%
TV Show2016This Is Piki
0%
Film2010Tracker
0%
Film2000Vertical Limit
0%
Film1999What Becomes of the Broken Hearted?
0%
Film1996Whipping Boy
0%
Short Film2021Woman in Blue
0%

Score Distribution

Percentile by Number Answered

Percent of People with Each Score

Your Score History

You have not taken this quiz since the last reset